| 000 | 00643nam a22001577a 4500 | ||
|---|---|---|---|
| 003 | OSt | ||
| 005 | 20150919145431.0 | ||
| 008 | 150919b xxu||||| |||| 00| 0 eng d | ||
| 040 | _cRUA | ||
| 082 | _aAGR MAK 2008 B036 Or.1 | ||
| 100 |
_9875 _aMAK, CHANRATANA. |
||
| 245 | _aArthropods on cashew tree in prasat sambo district kompong thom province ប្រភេទសត្វល្អិតទៅលើដំណាំស្វាយចន្ទីក្នុងស្រុកប្រាសាទសំបូរ ខេត្ដកំពង់ធំ | ||
| 260 |
_aPhnom Penh _bRUA _c2008 |
||
| 300 |
_axii; 69p. _bill. _c29cm. |
||
| 942 |
_2ddc _cAGR |
||
| 999 |
_c842 _d842 |
||